000 01052nam a22002537a 4500
005 20170124103047.0
010 _aA-637406
020 _c50.00
_a8170161673
035 _aA-637406
037 _bCen Lib/Ret
040 _aDPL
_bHN
082 _a
_bमृद्गल
100 _aमृद्गल, चित्रा
_969283
245 _aमाधवी कन्नगी /
_cचित्रा मृद्गल
246 _aMadahavi kannagee /
_bby Chitra Mrudgla
260 _aनयी दिल्ली
_bकिताबघर प्रकाशन
_c1993
270 _a24, अंसारी रोड, दरयागंज
_bनयी दिल्ली
_e110002
300 _a64पृ.
_c17सेमी (सजिल्द )
650 _aहिंदी साहित्य
_x
_z
_969284
650 _aहिंदी साहित्य
_v
_xउपन्यास
_969285
650 _aHindi literature
_969286
650 _aHindi literature
_xfiction
_969287
942 _2ddc
_cHN
_h
_mमृद्गल
999 _c116962
_d116962